| 000 | 00921cam a2200241 a 4500 | ||
|---|---|---|---|
| 020 | _a0072483059 | ||
| 082 | 0 | 0 |
_a624.18341 _bNIL _cL-38,p-84. |
| 100 | 1 |
_aNilson, Arthur H. _920244 |
|
| 245 | 1 | 0 |
_aDesign of concrete structures / _cArthur H. Nilson, David Darwin, Charles W. Dolan. |
| 250 | _a13th ed. | ||
| 260 |
_aBoston : _bMcGraw-Hill Higher Education, _cc2004. |
||
| 300 |
_axvii, 779 p. : _bill. ; _c26 cm. |
||
| 526 |
_a0 _b0 _c0 _d624_183410000000000_NIL |
||
| 526 |
_a0 _b0 _c0 _d624_183410000000000_NIL |
||
| 526 |
_a0 _b1 _c0 _d624_183410000000000_NIL |
||
| 650 | 0 |
_aPrestressed concrete construction. _920245 |
|
| 650 | 0 | _aReinforced concrete construction. | |
| 700 | 1 |
_aDarwin, David. _920246 |
|
| 700 | 1 |
_aDolan, Charles W. _943311 |
|
| 856 | 4 | 1 | _uhttp://www.loc.gov/catdir/enhancements/fy0702/2003051048-t.html |
| 856 | 4 | 2 | _uhttp://www.loc.gov/catdir/enhancements/fy0702/2003051048-d.html |
| 942 |
_2ddc _cBK |
||
| 999 |
_c547135 _d547135 |
||